Marxistická filozofia

Gespeichert in:
Bibliographische Detailangaben
Format: Buch
Sprache:Slowakisch
Veröffentlicht: Bratislava : SVTL, 1966
Tags: Tag hinzufügen
Keine Tags, Fügen Sie das erste Tag hinzu!

MARC

LEADER 00000nam a22000003a 4500
001 stu205510
005 20150408175605.2
008 100621s1983----cs------------------slo-d
040 |a STU  |b slo 
041 0 |a slo 
044 |a cs 
080 |a 141.82 
245 |a Marxistická filozofia 
260 |a Bratislava :  |b SVTL,  |c 1966 
996 |b E16121  |c E*16121  |l EE11  |s P  |a 0  |w stu205510_0001